Pueblos de la Provincia de Cádiz - Estadísticas

Estadísticas generales
  • Esta prueba ha sido intentada 2.277 veces
  • La puntuación promedio es 24 de 45
Estadísticas de respuestas
Respuesta % Correcto
Jerez de la Frontera
94%
Cádiz
88%
Chiclana de la Frontera
87%
El Puerto de Santa María
85%
San Fernando
83%
Algeciras
80%
Conil de la Frontera
79%
Sanlúcar de Barrameda
75%
Chipiona
72%
Rota
72%
Tarifa
72%
Barbate
71%
Arcos de la Frontera
70%
La Línea de la Concepción
70%
Puerto Real
70%
Vejer de la Frontera
69%
Zahara de la Sierra
64%
Ubrique
58%
Medina Sidonia
55%
Grazalema
52%
El Bosque
51%
Los Barrios
50%
Alcalá de los Gazules
48%
San Roque
48%
Villamartín
46%
Bornos
45%
Setenil de las Bodegas
45%
Trebujena
43%
Benalup-Casas Viejas
42%
Algodonales
40%
Jimena de la Frontera
40%
Olvera
40%
Paterna de Rivera
34%
Espera
33%
Castellar de la Frontera
32%
Puerto Serrano
32%
Prado del Rey
31%
San José del Valle
31%
Algar
29%
Benaocaz
29%
Alcalá del Valle
27%
Villaluenga del Rosario
27%
El Gastor
23%
Torre Alháquime
17%
San Martín del Tesorillo
15%
No se encontraron pruebas coincidentes
Distribución de puntuación
Porcentaje de gente con cada puntuación
Porcentaje por número respondido
Historial de tus puntuaciones
No has intentado esta prueba.